000 00643nam a2200229Ia 4500
001 11412
003 GE_BSU
008 181216s||||||||xx |||||||||||||| ||und||
040 _cGE_BSU
080 _a02
245 _aInformation literacy beyond library
245 _cedited by Peter Godwin jo Parker
260 _aLondon
260 _bfacet publishing
260 _c2012
300 _a268p.24cm.
520 _aშემოსულია ტემპუსის პროექტით
541 _h174
653 _aInformation literacy beyond library
653 _aტემპუსის პროექტით
942 _cBK
999 _c44609
_d44609